00357nam a22000857a 4500008004100000082001900041245014000060260006300200300000800263230703b xxu||||| |||| 00| 0 eng d a342bCKRC 2005 aToleo Jepesi la Katiba Mpya InayopendekezwabLimeidhinishwa Kusambazwa Katika Kikao Cha Tume Cha Jumla, Mnamo Alhamisi Septemba 1, 2005 aKenyabConstitution of Kenya Review Commision (CKRC)c2005 a77p